000 00320nam a22001337a 4500
008 171020b xxu||||| |||| 00| 0 eng d
020 _a9780205453504
041 _aeng
080 _26TH
_a338
100 _a54
101 _aMEN
245 _aFUNDAMENTALS OF ORGANIZATIONAL COMMUNICATION
_cZALABAK,P.S
942 _2udc
_cBK
999 _c35184
_d35184